00922nam a2200229Ia 4500003000900000008004100009020001800050040001600068080002200084111010500106245013400211260004200345300001600387490002600403500005400429650002300483700002900506710003700535942000700572999001500579952009800594IN-BaIIA211028s9999 xx 000 0 eng d a90-277-0180-6 cIIA Library a082.2:52bIAU-S42 aInternational Astronomical Union Symposiumn42thcSt. Andrews, Fife, Scotlandd1970 Aug. 11-1396693 0aWhite dwarfsbproceedings of IAU symposium no. 42, held at St. Andrews, Fife, Scotland, 11-13 August 1970cedited by W. J. Luyten aDordrechtbD. Reidel Publishingc1971 aviii, 164p. aIAU Symposium; no. 42 aSponsored by the International Astronomical Union aWhite dwarfs96553 aLuyten, W. J., ed.96694 aInternational Astronomical Union cBK c3764d3764 00104070aBANbBANcGENd1971-06-17l0o082.2:52/ IAU-S42p4204r2021-11-05w1971-06-17yBK